| 000 | 00729nam a2200229Ia 4500 | ||
|---|---|---|---|
| 005 | 20250425162425.0 | ||
| 008 | 250425s9999 xx 000 0 und d | ||
| 020 | _a8471149141 | ||
| 041 | _aspa | ||
| 082 | _a628.1686 | ||
| 100 | _aSEOANEZ CALVO, MARIANO | ||
| 245 | 0 | _aMANUAL DE CONTAMINACION MARINA Y RESTAURACION DEL LITORAL: CONTAMINACION, ACCIDENTES Y CATASTROFES, AGRESIONES A LAS COSTAS Y SOLUCIONES. EL TURISMO DE COSTA, LA PESCA, LA ORDENACION Y LA GESTION DEL | |
| 250 | _a1A ED. | ||
| 260 |
_aEspaƱa _bMUNDI PRENSA _c2000 |
||
| 260 | _aMADRID | ||
| 300 | _a565 | ||
| 650 | _aCONTAMINACION DEL MAR | ||
| 650 | _aCONTAMINACION MARINA | ||
| 650 | _aECOSISTEMAS MARINOS | ||
| 942 | _c01 | ||
| 010 | _a72688 | ||
| 999 |
_c228941 _d228941 |
||